[Event "Stay Safe Play From Home 347"]
[Site "Emanuel Lasker Arena"]
[Date "2020.07.31"]
[Round "9"]
[White "Buzaglo"]
[Black "Little champs"]
[Result "0-1"]
[WhiteElo "1807"]
[BlackElo "2119"]
[PlyCount "108"]
[EventDate "2020.07.31"]
[EventType "swiss (blitz)"]

1. d4 {[%emt 0:00:02]} c6 {[%emt 0:00:00]} 2. Nf3 {[%emt 0:00:00]} d5 {[%emt 0:00:00]} 3. g3 {[%emt 0:00:00]} Nf6 {[%emt 0:00:01]} 4. Bg2 {[%emt 0:00:00]} g6 {[%emt 0:00:00]} 5. O-O {[%emt 0:00:00]} Bg7 {[%emt 0:00:00]} 6. c3 {[%emt 0:00:01]} O-O {[%emt 0:00:00]} 7. Nbd2 {[%emt 0:00:01]} Bg4 {[%emt 0:00:00]} 8. Nb3 {[%emt 0:00:01]} Bxf3 {[%emt 0:00:00]} 9. Bxf3 {[%emt 0:00:01]} Nbd7 {[%emt 0:00:00]} 10. Nc5 {[%emt 0:00:02]} Nxc5 {[%emt 0:00:02]} 11. dxc5 {[%emt 0:00:00]} e5 {[%emt 0:00:00]} 12. b4 {[%emt 0:00:02]} e4 {[%emt 0:00:00]} 13. Bg2 {[%emt 0:00:01]} Ng4 {[%emt 0:00:01]} 14. Bb2 {[%emt 0:00:01]} Ne5 {[%emt 0:00:01]} 15. c4 {[%emt 0:00:01]} Nxc4 {[%emt 0:00:01]} 16. Bxg7 {[%emt 0:00:01]} Kxg7 {[%emt 0:00:00]} 17. a4 {[%emt 0:00:02]} a5 {[%emt 0:00:01]} 18. b5 {[%emt 0:00:01]} Qe7 {[%emt 0:00:05]} 19. Qc2 {[%emt 0:00:03]} Qxc5 {[%emt 0:00:02]} 20. Rac1 {[%emt 0:00:02]} cxb5 {[%emt 0:00:02]} 21. axb5 {[%emt 0:00:01]} Qxb5 {[%emt 0:00:01]} 22. Bxe4 {[%emt 0:00:03]} dxe4 {[%emt 0:00:02]} 23. Qxc4 {[%emt 0:00:01]} Qxc4 {[%emt 0:00:00]} 24. Rxc4 {[%emt 0:00:00]} Rfe8 {[%emt 0:00:00]} 25. Ra1 {[%emt 0:00:03]} Re5 {[%emt 0:00:04]} 26. Rc7 {[%emt 0:00:01]} b5 {[%emt 0:00:03]} 27. Rd1 {[%emt 0:00:02]} b4 {[%emt 0:00:01]} 28. Rdd7 {[%emt 0:00:01]} Rf5 {[%emt 0:00:00]} 29. g4 {[%emt 0:00:01]} Rf6 {[%emt 0:00:01]} 30. Kg2 {[%emt 0:00:04]} Raa6 {[%emt 0:00:01]} 31. g5 {[%emt 0:00:00]} Rf5 {[%emt 0:00:01]} 32. h4 {[%emt 0:00:01]} Rb6 {[%emt 0:00:01]} 33. Ra7 {[%emt 0:00:01]} b3 {[%emt 0:00:01]} 34. Rd1 {[%emt 0:00:02]} b2 {[%emt 0:00:01]} 35. Rb1 {[%emt 0:00:01]} Rc5 {[%emt 0:00:01]} 36. f3 {[%emt 0:00:03]} Rc1 {[%emt 0:00:01]} 37. Rxb2 {[%emt 0:00:00]} Rxb2 {[%emt 0:00:01]} 38. Rxa5 {[%emt 0:00:01]} Rxe2+ {[%emt 0:00:01]} 39. Kg3 {[%emt 0:00:01]} exf3 {[%emt 0:00:02]} 40. Kxf3 {[%emt 0:00:00]} Rcc2 {[%emt 0:00:01]} 41. h5 {[%emt 0:00:02]} Rf2+ {[%emt 0:00:00]} 42. Ke3 {[%emt 0:00:01]} Rce2+ {[%emt 0:00:00]} 43. Kd3 {[%emt 0:00:01]} Re6 {[%emt 0:00:00]} 44. h6+ {[%emt 0:00:01]} Kf8 {[%emt 0:00:01]} 45. Ra8+ {[%emt 0:00:01]} Re8 {[%emt 0:00:01]} 46. Ra7 {[%emt 0:00:00]} Rf5 {[%emt 0:00:01]} 47. Kd4 {[%emt 0:00:00]} Rxg5 {[%emt 0:00:01]} 48. Rb7 {[%emt 0:00:00]} Rf5 {[%emt 0:00:01]} 49. Kd3 {[%emt 0:00:00]} Rd5+ {[%emt 0:00:03]} 50. Kc4 {[%emt 0:00:01]} Rd1 {[%emt 0:00:01]} 51. Rb6 {[%emt 0:00:00]} Rc8+ {[%emt 0:00:00]} 52. Kb3 {[%emt 0:00:00]} Rb1+ {[%emt 0:00:01]} 53. Ka2 {[%emt 0:00:00]} Rxb6 {[%emt 0:00:00]} 54. Ka3 {[%emt 0:00:00]} Ra8# {[%emt 0:00:00] (Lag: Av=0.96s, max=2.1s)} 0-1

[Event "Stay Safe Play From Home 347"]
[Site "Emanuel Lasker Arena"]
[Date "2020.07.31"]
[Round "9"]
[White "Justwatch"]
[Black "AChessPlayer"]
[Result "0-1"]
[WhiteElo "1640"]
[BlackElo "2371"]
[Annotator "TA"]
[PlyCount "76"]
[EventDate "2020.07.31"]
[EventType "swiss (blitz)"]

{[%evp 9,75,0,4,0,5,8,22,0,245,28,22,27,30,12,112,10,54,30,33,48,42,16,19,23,57,45,49,42,75,24,69,69,75,72,77,0,0,-122,-142,-200,-188,-477,-484,-481,-467,-510,-484,-499,-104,-114,-97,-88,-97,-491,-491,-490,-485,-478,-467,-12835,-12835,-12834,-12833,-29989,-29990,-29998,-29999,-29999]} 1. e4 e5 2. Nf3 Nc6 3. Nc3 Nf6 4. Bb5 Bc5 5. d3 Nd4 6. Bc4 {C48: Four Knights: 4 Bb5, replies other than 4...Bb4.} Nxf3+ 7. Qxf3 d6 8. Bg5 {[#] The position is equal.} O-O $146 (8... c6 $11 {and Black is okay.}) ({Predecessor:} 8... c6 9. O-O h6 10. Bd2 Qe7 11. Bb3 a6 12. h3 O-O 13. Ne2 Be6 14. Ng3 Nh7 {1-0 (40) Di Giannantonio,N (2341)-Ibar,M (2123) Buenos Aires 2015}) 9. Bxf6 $2 (9. Nd5 $18 {[%cal Rd5f6]} Bg4 10. Bxf6 Bxf3 11. Bxd8 Bxg2 12. Rg1 Raxd8 13. Rxg2) 9... Qxf6 $11 10. Qxf6 gxf6 11. Nd5 f5 (11... c6 $11 12. Nxf6+ Kg7 13. Nh5+ Kg6) 12. Ne7+ (12. b4 $16 Bb6 13. exf5 (13. Nxb6 axb6 14. O-O Be6 $11)) 12... Kh8 13. Nxf5 Bxf5 14. exf5 c6 15. O-O d5 16. Bb3 f6 17. Kh1 a5 {[#] White must now prevent ...a4.} 18. c3 b5 19. f4 ({Better is} 19. g3 $16) 19... e4 20. dxe4 dxe4 21. Rae1 e3 22. Rf3 (22. g3 $16) 22... a4 23. Be6 (23. Bc2 $1 $11) 23... Rad8 {...e2! is the strong threat.} 24. h3 (24. g4 $17 {keeps fighting.}) 24... Rd2 $19 {Hoping for ...e2.} 25. Rfxe3 $2 (25. b4 Ba7 26. Kh2) 25... Bxe3 26. Rxe3 Rxb2 {[%mdl 4096] Endgame KRR-KRB} 27. Rd3 c5 28. Rd6 b4 $2 (28... c4 $19 {is more deadly.} 29. Rb6 a3) 29. cxb4 $17 cxb4 {Strongly threatening ...Rb8.} 30. Ra6 a3 31. Bb3 $2 {[%mdl 8192] White does not recover from this.} (31. Kh2 $17 {nothing else works.}) 31... Rd8 $19 32. Ra4 Rdd2 33. Rxb4 {[#]} Kg7 $1 34. Ra4 (34. Rb7+ $142 Kh6 35. Rb6) 34... Rxg2 35. Ra7+ Kh6 {( -> ...Rge2)} 36. Rxa3 Rgd2 {Black mates.} 37. Ra6 Rb1+ 38. Bd1 Rbxd1# {Accuracy: White = 34%, Black = 65%.} 0-1

[Event "Stay Safe Play From Home 347"]
[Site "Emanuel Lasker Arena"]
[Date "2020.07.31"]
[Round "9"]
[White "Trotsky"]
[Black "Klasman"]
[Result "1/2-1/2"]
[WhiteElo "1610"]
[BlackElo "1301"]
[Annotator "NA"]
[PlyCount "38"]
[EventDate "2020.07.31"]
[EventType "swiss (blitz)"]

1. d4 {[%emt 0:00:01]} f5 {[%emt 0:00:01]} 2. e3 {[%emt 0:00:00]} Nf6 {[%emt 0:00:01]} 3. c4 {[%emt 0:00:01]} e6 {[%emt 0:00:01]} 4. Nc3 {[%emt 0:00:01]} c6 {[%emt 0:00:01]} 5. Bd3 {[%emt 0:00:01]} d5 {[%emt 0:00:02]} 6. Qc2 {[%emt 0:00:01]} Bb4 {[%emt 0:00:02]} 7. Nf3 {[%emt 0:00:01]} Ne4 {[%emt 0:00:01]} 8. Bd2 {[%emt 0:00:00]} Nxd2 {[%emt 0:00:02]} 9. Nxd2 {[%emt 0:00:01]} Nd7 {[%emt 0:00:03]} 10. Nf3 {[%emt 0:00:01]} Nf6 {[%emt 0:00:02]} 11. h3 {[%emt 0:00:01]} Ne4 {[%emt 0:00:02]} 12. O-O-O {[%emt 0:00:03]} Qa5 {[%emt 0:00:06]} 13. Kb1 {[%emt 0:00:01]} Nxc3+ {[%emt 0:00:03]} 14. bxc3 {[%emt 0:00:02]} Bxc3 {[%emt 0:00:02]} 15. Ng5 {[%emt 0:00:03]} Qb4+ {[%emt 0:00:01]} 16. Kc1 {[%emt 0:00:01]} Qa3+ {[%emt 0:00:01]} 17. Kb1 {[%emt 0:00:01]} Qb4+ {[%emt 0:00:02]} 18. Kc1 {[%emt 0:00:01]} Qa3+ {[%emt 0:00:01]} 19. Kb1 {[%emt 0:00:02]} Qb4+ {[%emt 0:00:02] (Lag: Av=0.36s, max=0.5s)} 1/2-1/2